000 00715nam a2200193Ia 4500
003 GCL
008 140319s9999 xx 000 0 ara d
040 _aGCL /
_cGCL
082 0 4 _a811.00938
_bا ن
100 1 _aالفت محمد كمال عبد العزيز
245 1 0 _aنظرية الشعر عند الفلاسفة المسلمين من الكندى حتى ابن رشد /
_cالفت محمد كمال عبد العزيز
260 _a[S.N] :
_bالهيئة المصرية العامة للكتاب ،
_c1984
300 _a313 ص
490 _aدراسات ادبية
_v0
650 0 4 _aالشعر العربى
650 0 4 _aالشعر الفلسفى
650 0 4 _aتاريخ ونقد
942 _2ddc
_cBK
999 _c28677
_d28677